Statistics for European Countries by Cartoon

Click here to take the quiz!

General Stats

  • This quiz has been taken 73 times
  • The average score is 11 of 14

Answer Stats

Answer% Correct
Italy
99%
France
97%
England
93%
Ireland
88%
Denmark
84%
Scotland
81%
Netherlands
78%
Belgium
76%
Germany
74%
Russia
69%
Spain
62%
Wales
62%
Portugal
60%
Prussia
59%

Score Distribution

Percentile by Number Answered

Percent of People with Each Score

Your Score History

You have not taken this quiz